Loading...
| History - World History | 2 | 4 | 0 | 3 | 70 | 45 | 94.17 | 1 | 5 |
| Science - Physics | 0 | 3 | 1 | 0 | 25 | 72 | 82.67 | 0 | 3 |
| Science - Other Science | 0 | 2 | 0 | 0 | 20 | 98 | 102.00 | 0 | 2 |
| Geography | 1 | 0 | 0 | 0 | 15 | 23 | 23.00 | 1 | 1 |
| Pop Culture | 1 | 0 | 0 | 0 | 15 | 62 | 62.00 | 1 | 1 |
| History - American History | 0 | 2 | 1 | 0 | 15 | 88 | 99.50 | 0 | 2 |
| Mythology | 0 | 1 | 0 | 0 | 10 | 107 | 107.00 | 0 | 1 |
| Current Events | 0 | 1 | 0 | 1 | 10 | 129 | 129.00 | 0 | 1 |
| Other Academic | 0 | 1 | 0 | 1 | 10 | 123 | 123.00 | 0 | 0 |
| Religion | 0 | 1 | 0 | 0 | 10 | 100 | 100.00 | 0 | 0 |
| Science - Biology | 0 | 1 | 0 | 0 | 10 | 86 | 86.00 | 1 | 1 |
| History - European History | 1 | 0 | 2 | 0 | 5 | 49 | 49.00 | 0 | 1 |
| Fine Arts - Other Fine Arts | 0 | 0 | 1 | 0 | -5 | 0.00 | 0 | 0 |